000
00278nam a2200109Ia 4500
008
190216s9999||||xx |||||||||||||| ||und||
100
_a
Robert S Kaplan
245
0
_a
Advanced Management Accounting
260
_b
Prentice Hall Of India Pvt Ltd
_c
1982
300
_a
655p
942
_c
BK
999
_c
5393
_d
5393